000 00571nam a2200217Ia 4500
003 OSt
005 20230331122408.0
008 210423s1999 xx 000 0 und d
020 _a978-1-4757-7286-9
040 _cAL
041 _aeng
082 _a512.74
_223
_bRIBF
100 _aRIBENBOIM (Paulo)
_980885
245 _aFermats last theorem for amateurs
260 _aNew York
_bSpringer Verlag
_c1999
300 _axii,407
_bPB
365 _b4766.03
_cEUR
650 _aNumber Theory
_980886
906 _aamateurs ; Fermats ; last ; theorem
942 _2ddc
_cBK
999 _c168924
_d168924